Allgemeinwissen #1 - Statistiken

Allgemein
  • Dieses Quiz wurde 66 mal gespielt
    62 seit der letzten Aktualisierung
  • Das Durchschnittsergebnis liegt bei 16 aus 32
Antwortstatistiken
Gruppe Antwort % Korrekt
Millionenstädte in Deutschland Berlin
100%
Siegermächte des 2. Weltkrieges USA
100%
Siegermächte des 2. Weltkrieges Frankreich
98%
Siegermächte des 2. Weltkrieges Großbritannien
98%
Millionenstädte in Deutschland Hamburg
98%
Millionenstädte in Deutschland München
98%
Millionenstädte in Deutschland Köln
96%
Siegermächte des 2. Weltkrieges Sowjetunion
87%
Filme mit den meisten Oscars Titanic
87%
Mount Rushmore (4 US-Präsidenten) George Washington
81%
Mount Rushmore (4 US-Präsidenten) Abraham Lincoln
78%
Japanische Inseln Hokkaido
59%
Nukleinbasen der DNA Adenin
48%
Jupiter-Monde (die größten) Europa
46%
Nukleinbasen der DNA Thymin
44%
Mount Rushmore (4 US-Präsidenten) Theodore Roosevelt
41%
Mount Rushmore (4 US-Präsidenten) Thomas Jefferson
41%
Nukleinbasen der DNA Guanin
39%
Japanische Inseln Honshu
39%
Nukleinbasen der DNA Cytosin
35%
Filme mit den meisten Oscars Der Herr der Ringe: Die Rückkehr des Königs
26%
Filme mit den meisten Oscars Ben Hur
22%
Jupiter-Monde (die größten) Io
20%
Jupiter-Monde (die größten) Ganymed
15%
Zipfelbund Gemeinden (Deutschland) Görlitz
13%
Zipfelbund Gemeinden (Deutschland) List auf Sylt
13%
Zipfelbund Gemeinden (Deutschland) Oberstdorf
9%
Japanische Inseln Kyushu
7%
Japanische Inseln Shikoku
6%
Zipfelbund Gemeinden (Deutschland) Selfkant
2%
Filme mit den meisten Oscars West Side Story
2%
Jupiter-Monde (die größten) Kalisto
0%
Keine übereinstimmenden Quizze gefunden
Verteilung der Resultate
Anzahl Personen mit jedem Resultat
Perzentil nach korrekt beantworteten Fragen
Ihre Resultats-Entwicklung
Sie haben dieses Quiz seit der letzten Aktualisierung nicht gespielt